[Event "RUS-chT blitz"]
[Site "Sochi"]
[Date "2015.05.10"]
[Round "8.36"]
[White "Bykov, Egor"]
[Black "Melnik, Viktor"]
[Result "1-0"]
[WhiteElo "2263"]
[BlackElo "2141"]
[PlyCount "59"]
[EventDate "2015.05.10"]
[EventType "team-swiss (blitz)"]
[EventRounds "11"]
[EventCountry "RUS"]
[SourceTitle "CBM 166 Extra"]
[Source "ChessBase"]
[SourceDate "2015.06.18"]
[SourceVersion "1"]
[SourceVersionDate "2015.06.18"]
[SourceQuality "1"]
[WhiteTeam "Stavropol Region"]
[BlackTeam "Moscow Our Heritage Seniors"]
[WhiteTeamCountry "RUS"]
[BlackTeamCountry "RUS"]

1. d4 d5 2. Nf3 Nf6 3. Bf4 c6 4. c3 g6 5. e3 Bg7 6. Nbd2 0-0 7. Be2 a5 8. a4 Qb6 9. Qb3 Nbd7 10. Qxb6 Nxb6 11. 0-0 Nbd7 12. h3 Re8 13. Bc7 b6 14. Rfc1 Ra7 15. Bf4 Nh5 16. Bh2 f5 17. b4 Nhf6 18. b5 Bb7 19. c4 Rc8 20. bxc6 Bxc6 21. cxd5 Nxd5 22. Bb5 Nb4 23. Rc4 Raa8 24. Rac1 Bb7 25. Bxd7 Rxc4 26. Rxc4 Ba6 27. Rc7 Nd5 28. Be6+ Kh8 29. Bxd5 Rd8 30. Be6 1-0

[Event "Moscow-ch"]
[Site "Moscow"]
[Date "2013.03.25"]
[Round "4"]
[White "Ulko, Jaroslav"]
[Black "Melnik, Viktor"]
[Result "1-0"]
[WhiteElo "2444"]
[BlackElo "2138"]
[PlyCount "114"]
[EventDate "2013.03.22"]
[EventType "swiss"]
[EventRounds "9"]
[EventCountry "RUS"]
[SourceTitle "CBM 153 Extra"]
[Source "ChessBase"]
[SourceDate "2013.04.22"]
[SourceVersion "1"]
[SourceVersionDate "2013.04.22"]
[SourceQuality "1"]

1. d4 d5 2. c4 c6 3. Nf3 Nf6 4. Nc3 dxc4 5. a4 Bg4 6. Ne5 Bh5 7. f3 Nfd7 8. Nxc4 e5 9. Ne4 Bb4+ 10. Bd2 Qe7 11. Bxb4 Qxb4+ 12. Qd2 Qxd2+ 13. Kxd2 exd4 14. Ned6+ Kd8 15. g4 Bg6 16. f4 f6 17. Bg2 Kc7 18. a5 Nc5 19. Ra3 Nba6 20. f5 Be8 21. e3 d3 22. Kc3 Rd8 23. b4 Nd7 24. Rd1 Ne5 25. Nxe5 fxe5 26. Nc4 c5 27. bxc5 Nxc5 28. Nxe5 Ba4 29. Rxa4 Nxa4+ 30. Kb4 Nb2 31. Rd2 Rhe8 32. Nf3 Rxe3 33. Kb3 Re2 34. Kxb2 Rde8 35. Kc3 Rxd2 36. Nxd2 Re2 37. Bf3 Rxh2 38. Kxd3 b5 39. a6 Kb6 40. g5 Kc7 41. f6 gxf6 42. gxf6 Kd8 43. Bd5 Ke8 44. Ne4 Rh5 45. Kd4 b4 46. Bb3 Kf8 47. Nc5 Rf5 48. Ne6+ Kf7 49. Ng7+ Kxf6 50. Nxf5 Kxf5 51. Kc5 Ke5 52. Bf7 h6 53. Kc6 Kf6 54. Bb3 Ke5 55. Kb7 Kd6 56. Kxa7 Kc7 57. Bd1 h5 1-0

[Event "Moscow op-B 04th"]
[Site "Moscow"]
[Date "2008.02.06"]
[Round "5"]
[White "Melnik, Viktor"]
[Black "Matveev, Mikhail1111"]
[Result "0-1"]
[WhiteElo "2121"]
[BlackElo "2127"]
[PlyCount "88"]
[EventDate "2008.02.02"]
[EventType "swiss"]
[EventRounds "9"]
[EventCountry "RUS"]
[SourceTitle "CBM 122 Extra"]
[Source "ChessBase"]
[SourceDate "2008.03.04"]
[SourceVersion "1"]
[SourceVersionDate "2008.03.04"]
[SourceQuality "1"]

1. e4 c5 2. Nf3 d6 3. d4 cxd4 4. Nxd4 Nf6 5. Nc3 g6 6. Be3 Bg7 7. f3 Nc6 8. Qd2 0-0 9. Bc4 Bd7 10. Bb3 Ne5 11. 0-0-0 Rc8 12. h4 h5 13. Bh6 Rxc3 14. Bxg7 Rxc2+ 15. Nxc2 Kxg7 16. Rhe1 Qc7 17. Kb1 a5 18. Ne3 a4 19. Rc1 Qb6 20. Bc4 Nxc4 21. Nxc4 Qa6 22. Qa5 Ra8 23. Qxa6 Rxa6 24. e5 dxe5 25. Nxe5 Bf5+ 26. Ka1 Nd5 27. g4 Be6 28. Nd3 hxg4 29. Nc5 gxf3 30. Nxa6 bxa6 31. Rxe6 fxe6 32. Rf1 e5 33. Rxf3 e4 34. Rf1 e3 35. Kb1 e2 36. Re1 Nf4 37. Kc2 Kf6 38. Kd2 Kf5 39. Rg1 e5 40. Rg3 a5 41. Ra3 Kg4 42. Rxa4 Kxh4 43. Rxa5 e4 44. Re5 e1Q+ 0-1